Legia Warszawa skład sezon 2020/2021 - Statystyki

Ogólne statystyki
  • Ten quiz został rozwiązany 442 razy
  • Średni wynik to 19 z 31
Statystyki odpowiedzi
Pozcyja Narodowość/Numer Pilkarz % Poprawnych
Bramkarz Polska/1 Artur Boruc
90%
Środkowy obrońca Polska/55 Artur Jedrzejczyk
89%
Napastnik Czechy/9 Tomas Pekhart
85%
Trener Polska Czesław Michniewicz
78%
Lewy obrońca Serbia/25 Filip Mladenovic
77%
Środkowy pomocnik Polska/99 Bartosz Slisz
74%
Skrzydłowy Brazylia/82 Luquinhas
74%
Ofensywny pomocnik Polska/67 Bartosz Kapustka
73%
Środkowy obrońca Polska/4 Mateusz Wieteska
73%
Napastnik Polska/39 Maciej Rosolek
70%
Prawy obrońca Chorwacja/2 Josip Juranovic
69%
Ofensywny pomocnik Gruzja/8 Valeriane Gvilia
69%
Środkowy obrońca Hiszpania/34 Iñaki Astiz
66%
Prawy obrońca Czarnogóra/29 Marko Vesovic
66%
Środkowy obrońca Francja/44 William Rémy
66%
Środkowy pomocnik Portugalia/24 André Martins
65%
Napastnik Gwinea/20 Jose Kante
65%
Skrzydłowy Ekwador/11 Joel Valencia
64%
Bramkarz Polska/33 Radoslaw Cierzniak
64%
Skrzydłowy Polska/22 Paweł Wszołek
63%
Środkowy pomocnik Chorwacja/7 Domagoj Antolic
61%
Napastnik Portugalia/21 Rafa Lopes
57%
Środkowy obrońca Polska/5 Igor Lewczuk
55%
Lewy obrońca Polska/14 Michał Karbownik
50%
Lewy obrońca Portugalia/16 Luís Rocha
49%
Prawy obrońca Polska/41 Pawel Stolarski
47%
Napastnik Francja/27 Vamara Sanogo
46%
Lewy obrońca Polska/3 Mateusz Hołownia
42%
Bramkarz Polska/19 Wojciech Muzyk
41%
Skrzydłowy Polska/17 Mateusz Cholewiak
26%
Środkowy obrońca Polska/15 Ariel Mosór
24%
Nie znaleziono quizów pasujących do podanych kryteriów
Rozkład punktacji
Procent ludzi z każdym wynikiem
Percentyl według liczby udzielonych odpowiedzi
Twoja historia wyników
Nie rozwiązałeś tego quizu